IT biztonság megvalósítása az elektronikus banki szolgáltatások világában

Bibliográfiai részletek
Szerző: Hajnal Vanessza
További közreműködők: Dobák Dr. Dóra Éva
Dokumentumtípus: Diplomadolgozat
Kulcsszavak:IT biztonság
online banking
elektronikus banki szolgáltatások
Online Access:http://dolgozattar.uni-bge.hu/20161

MARC

LEADER 00000nta a2200000 i 4500
001 dolg20161
005 20190510085528.0
008 190510suuuu hu om 000 hun d
040 |a BGE Dolgozattár Repozitórium  |b hun 
041 |a hu 
100 1 |a Hajnal Vanessza 
245 1 0 |a IT biztonság megvalósítása az elektronikus banki szolgáltatások világában  |c Hajnal Vanessza  |h [elektronikus dokumentum] 
695 |a IT biztonság 
695 |a online banking 
695 |a elektronikus banki szolgáltatások 
700 1 |a Dobák Dr. Dóra Éva  |e ths 
856 4 0 |u http://dolgozattar.uni-bge.hu/20161/1/Szakdolgozat_Hajnal%20Vanessza_v%C3%A9gleges_Nyilatkozattal.pdf  |z Dokumentum-elérés 
856 4 0 |u http://dolgozattar.uni-bge.hu/20161/2/Titkos%C3%ADt%C3%A1si%20k%C3%A9relem.pdf  |z Dokumentum-elérés